Responses for Show #2995 - Friday, September 12, 1997

Pam Mifflin game 1.

Contestants

[<< previous game]

Vartan Merjanian, an actor and musician from Encino, California

Pablo del Real, a substitute teacher originally from Acton, Massachusetts

Pam Mifflin, a computer trainer from Brookfield, Wisconsin

[next game >>]

Jeopardy! Round responses

NURSERY RHYME FOOD
MOVIE MONSTERS
DEER DIARY
EARLY IN THEIR CAREERS
THE AMERICAN REVOLUTION
"POP" THE QUESTION
    $100 21
"Godzilla"

Vartan
    $100 16
Venison

Pam
    $100 11
Danny DeVito

Vartan
    $100 6
Dental records

Pam
    $100 1
Pop Quiz

Pablo
    $200 22
"Anaconda"

Pam
    $200 17
Cud

Pablo
    $200 12
The Bates Motel

Pam
    $200 7
George Washington

Vartan
    $500 2
[Alex shows a jack-in-the-box.]
(Pablo: What is "The Pop-Up Song"?)
[Alex winds up the jack-in-the-box and a clown pops out.]
(Alex: You remember it, but too late.)

"Pop Goes The Weasel"

Pablo
    $300 27
[The end-of-round signal sounds.]

pease porridge

Vartan
    $300 23
(Pam: What is the Thing?)
...
(Alex: Less than a minute to go.)

the Blob

PamVartan
    $300 18
Hind

Pablo
    $300 13
Tarzan

Pablo
    $300 8
Thomas Sumter

Pam
    $300 3
The number of licks it takes to get to the center of a Tootsie Pop

Pablo
    $400 24
Dr. Frankenstein

Pam
    $400 19
(Pam: What is an antelope?)

Moose

Pam
Triple Stumper
    $400 14
Katharine Hepburn

Vartan
    $400 9
The American Flag

Pam
    $400 4
(Pam: What is Poppinberry?)

"Poppin' Fresh"

PamPablo
    $500 26
(Pablo: What is a goose?)
(Pam: What is a mouse?)

Malt

PamPablo
Triple Stumper
    $500 25
Vampires

Vartan
    $500 20
Roebuck

Vartan
    $500 15
"Citizen Kane"

Pam
    $500 10
(Vartan: What is Lexington & Concord?)

Bunker Hill

Vartan
Triple Stumper
    $500 5
"Snap! Crackle! Pop!"

Pam

Scores at the first commercial break (after clue 12):

Pam Pablo Vartan
$1,100 $300 -$200

Scores at the end of the Jeopardy! Round:

Pam Pablo Vartan
$1,100 $600 $1,900

Double Jeopardy! Round responses

VICE PRESIDENTS
20th CENTURY AUTHORS
WOMEN ON THE MAP
THE EMMYS
30 YEARS AGO: SEPTEMBER 1967
CROSSWORD CLUES "D"
    $200 12
Dan Quayle

Vartan
    $200 26
Smilla

Vartan
    $200 8
Martha's Vineyard

Pablo
    $200 19
Carol Burnett

Vartan
    $200 2
Gibraltar

Pam
    $200 1
a dame

Vartan
    $400 13
Gerald Ford & Nelson Rockefeller

Pam
    $400 27
Erle Stanley Gardner

Vartan
    $400 10
Charlotte Amalie

Pam
    $400 20
Taxi

Vartan
    $1,000 3
(Pam: What are The Mamas & The Papas?)
(Alex: We have somebody in our audience starting to applaud already. Oh, nooo! They do sound a little bit like The Mamas & The Papas.)
(Pam: I thought so too!)

Peter, Paul & Mary

Pam
    $400 7
Dutch

Pam
    $600 14
(Pam: Who is Truman?)

George Bush

PamPablo
    $600 24
Fahrenheit 451

Pam
    $600 11
Victoria, British Columbia

Vartan
    $600 21
Picket Fences

Vartan
    $600 4
Charles de Gaulle

Vartan
    $600 9
dowager

Pam
    $800 17
(Pablo: Who were the Democrats?)

Whigs

PamPablo
    $3,000 25
Saul Bellow

Pam
    $800 22
SCTV

Vartan
    $800 5
(Pablo: Who is Byrd?)

Charles Robb

PamPablo
    $800 15
decapitate

Triple Stumper
    $1000 18
Andrew Johnson

Vartan
    $1000 28
[The end-of-round signal sounds.]

The Loved One

Pam
    $1000 23
(Pablo: What is...)
...
(Alex: We have a minute left in the round.)

Friends

PabloVartan
    $1000 6
Vietnam

Triple Stumper
    $1000 16
Deutschland

Pam

Scores at the end of the Double Jeopardy! Round:

Pam Pablo Vartan
$8,700 -$1,200 $8,100

[wagering suggestions for these scores]

Final Jeopardy! Round responses

LAW ENFORCEMENT
(Alex: Boy, do I need help!)
VartanWho were the Texas Rangers
$6,800
PamWho Are The Texas Rangers? Hi Jeff!
$8,600
the Texas Rangers

Final scores:

Pam Pablo Vartan
$17,300 -$1,200 $14,900
New champion: $17,300 3rd place: Wittnauer International watches 2nd place: a Zenith 35" big screen TV + a Bose Lifestyle home theater system

Game dynamics:

Coryat scores:

Pam Pablo Vartan
$7,500 -$700 $8,100
20 R
(including 1 DD),
6 W
(including 1 DD)
8 R,
5 W
(including 1 DD)
20 R,
1 W

Combined Coryat: $14,900

[game clues] [game scores] [suggest correction]

Game tape date: Unknown
The J! Archive is created by fans, for fans. Scraping, republication, monetization, and malicious use prohibited; this site may use cookies and collect identifying information. See terms. The Jeopardy! game show and all elements thereof, including but not limited to copyright and trademark thereto, are the property of Jeopardy Productions, Inc. and are protected under law. This website is not affiliated with, sponsored by, or operated by Jeopardy Productions, Inc. Join the discussion at JBoard.tv.